| 000 | 00603nam a2200205 a 4500 | ||
|---|---|---|---|
| 005 | 20240925064115.0 | ||
| 008 | 991125s2000 mx 000 0 spa u | ||
| 020 | _a8471121034 | ||
| 035 | _aUPN01000010846 | ||
| 049 | _aCG | ||
| 050 | 4 |
_aBF721 _bP5.58a 1981 |
|
| 100 | 1 |
_aPiaget, Jean, _d1896-1980 |
|
| 245 | 1 | 0 |
_aPsicología del niño / _cJean Piaget, Bärbel Inhelder ; tr. Luis Hernández Alfonso. |
| 250 | _a10a ed. | ||
| 260 |
_aMadrid : _bMorata, _a1981. |
||
| 300 | _a172 p. | ||
| 650 | 4 |
_aNiño, Estudio del _9221 |
|
| 700 | 1 |
_aInhelder, Bärbel, _d1913-1997 _ecoaut. _928563 |
|
| 905 | _aLibro | ||
| 999 |
_c10846 _d10846 |
||